STN EN 50260-2-6: 2003 (36 1571) [neplatná], Bezpečnosť elektrického ručného náradia napájaného z batérií a batériové bloky Časť 2-6 Osobitné požiadavky na kladivá
Norma je slovenskou verziou EN 50260-2-6: 2002
| Corporate Author: | |
|---|---|
| Other Authors: | |
| Format: | Book |
| Language: | Slovak English |
| PhysicalDescription: | 11 s. obrázky, tabuľky 30 cm |
| Published: |
Bratislava
Slovenský ústav technickej normalizácie
2003
|
MARC
| LEADER | 00000nam a2200000 a 4500 | ||
|---|---|---|---|
| 001 | vtls009882142 | ||
| 003 | SK-MaSNL | ||
| 005 | 20260301171858.0 | ||
| 008 | 160624 2003 xo ka u 000 0 slo | ||
| 035 | |a (SVKBBclas03)vtls000228138 | ||
| 040 | |a SNK |b slo |c SNK |e AACR2 | ||
| 041 | 1 | |a slo |h eng | |
| 044 | |a xo |c SK | ||
| 046 | |a m |m 200304 (účin.) |n [20060201 (zruš.)] | ||
| 080 | |a 621.73.075 |2 2001 | ||
| 084 | |a 25.140.20 |2 ICS | ||
| 130 | 0 | |a STN 36 1571 (STN EN 50260-2-6) [neplatná] |9 540414 | |
| 245 | 1 | 0 | |a STN EN 50260-2-6: 2003 (36 1571) [neplatná], Bezpečnosť elektrického ručného náradia napájaného z batérií a batériové bloky |n Časť 2-6 |p Osobitné požiadavky na kladivá |c spracovateľ Slovenská spoločnosť pre technickú normalizáciu Bratislava, Jozef Onderko |
| 246 | 1 | 0 | |a Bezpečnosť elektrického ručného náradia napájaného z batérií a batériové bloky. Časť 2-6 |
| 246 | 1 | 0 | |a Osobitné požiadavky na kladivá |
| 246 | 3 | 0 | |a EN 50260-2-6: 2003 |
| 260 | |a Bratislava |b Slovenský ústav technickej normalizácie |c 2003 | ||
| 300 | |a 11 s. |b obrázky, tabuľky |c 30 cm | ||
| 500 | |a Norma je nahradená normou STN EN 60745-2-6 z augusta 2004 v celom rozsahu a môže sa používať do 1. 2. 2006 | ||
| 500 | |a Spracovateľ: Slovenská spoločnosť pre technickú normalizáciu Bratislava, Jozef Onderko | ||
| 520 | 8 | |a Norma je slovenskou verziou EN 50260-2-6: 2002 | |
| 700 | 1 | |a Onderko, Jozef |4 trl |9 303607 | |
| 710 | 2 | |a Slovenská spoločnosť pre technickú normalizáciu |4 trl |4 stn |9 36642 | |
| 774 | 1 | 8 | |t STN EN 60745-2-6: 2004 |d Bratislava : Slovenský ústav technickej normalizácie, 2004 |w vtls009833890 |
| 999 | |c 831759 |d 833689 | ||
| 952 | |a SNK |b SNK |y PREZ |7 0 |p 17A0414078 |o snkSTN EN 50260-2-6 D1 |i snkN 948/2004 |0 0 |1 0 |4 0 |d 2004-03-08 |l 0 |r 2005-01-02 00:00:00 |w 2026-02-24 | ||
| 952 | |t P60, <03>, [BOOK], {603} |a SNK |b SNK |y PREZ |7 0 |p 17A0414077 |o snkSTN EN 50260-2-6 |i snkN 947/2004 |0 0 |1 0 |4 0 |d 2004-03-08 |l 0 |r 2005-01-02 00:00:00 |w 2026-02-24 | ||


